[Event "V Weekend A"]
[Site "Porto Sant'Elpidio ITA"]
[Date "2002.11.03"]
[Round "2"]
[White "Miandro, Roberto"]
[Black "Fioravanti, Diego"]
[Result "1-0"]
[WhiteElo "1906"]
[BlackElo "1855"]
[PlyCount "71"]
[EventDate "2002.11.02"]

1. c4 Nf6 2. Nf3 e6 3. b3 d5 4. Bb2 Bd6 5. g3 Nbd7 6. Bg2 c6 7. d3 Qe7 8. Nbd2
O-O 9. O-O e5 10. e4 d4 11. h3 Nc5 12. Ne1 Ne6 13. Bc1 Ne8 14. Ndf3 a5 15. Bd2
Nc5 16. Nh4 g5 17. Nf5 Bxf5 18. exf5 f6 19. Qe2 Ng7 20. g4 Rfe8 21. Be4 Nxe4
22. Qxe4 a4 23. Nc2 Kf7 24. b4 Qd7 25. Kg2 h5 26. Rh1 h4 27. Rhc1 Rec8 28. Rab1
Be7 29. Na3 b5 30. Rc2 Ne8 31. cxb5 Nd6 32. Qf3 Nxb5 33. Nxb5 cxb5 34. Rbc1 Kf8
35. Kf1 Rxc2 36. Qxa8+ 1-0

[Event "V Weekend A"]
[Site "Porto Sant'Elpidio ITA"]
[Date "2002.11.03"]
[Round "2"]
[White "Tacconelli, Valentino"]
[Black "Fioravanti, Emidio"]
[Result "0-1"]
[WhiteElo "1774"]
[BlackElo "1774"]
[PlyCount "86"]
[EventDate "2002.11.02"]

1. e4 c5 2. Nf3 d6 3. d4 cxd4 4. Nxd4 Nf6 5. Nc3 g6 6. Be2 Bg7 7. Be3 O-O 8.
O-O a6 9. f4 Nbd7 10. Bf3 Qc7 11. Qe2 Rb8 12. Nb3 b5 13. Rad1 Bb7 14. Bc1 Rfc8
15. Nd5 Nxd5 16. exd5 Nf6 17. c3 Re8 18. Kh1 e6 19. dxe6 fxe6 20. Nd4 e5 21.
fxe5 dxe5 22. Nc2 e4 23. Bg4 Rbd8 24. Bg5 Rxd1 25. Qxd1 Nxg4 26. Qxg4 Bc8 27.
Qe2 Qe5 28. Bf4 Qe6 29. a3 Rf8 30. Be3 Rxf1+ 31. Qxf1 Qb3 32. Qd1 Qf7 33. Qd8+
Qf8 34. Qd5+ Kh8 35. Qxe4 Bf5 36. Qc6 Bxc2 37. Qxa6 Qf1+ 38. Bg1 Be4 39. Qc8+
Bf8 40. Qg4 Qf5 41. Qe2 h5 42. h3 Qxh3+ 43. Bh2 Bd6 0-1

[Event "V Weekend A"]
[Site "Porto Sant'Elpidio ITA"]
[Date "2002.11.03"]
[Round "2"]
[White "Villani, Cristian"]
[Black "Santurbano, Maria Vincenza"]
[Result "1-0"]
[WhiteElo "1756"]
[BlackElo "1731"]
[PlyCount "85"]
[EventDate "2002.11.02"]

1. d4 Nf6 2. c4 e6 3. g3 d5 4. Bg2 Be7 5. Nf3 O-O 6. O-O Nbd7 7. Qc2 c6 8. Nbd2
Re8 9. Rd1 Qc7 10. e4 dxe4 11. Nxe4 e5 12. dxe5 Nxe4 13. Qxe4 Bf8 14. Bf4 Qb6
15. Qc2 g6 16. Re1 Nc5 17. Ng5 Bf5 18. Ne4 Kh8 19. Qc3 Nxe4 20. Bxe4 Bb4 21.
Qf3 Bxe1 22. Bxf5 Bxf2+ 23. Qxf2 Qxf2+ 24. Kxf2 gxf5 25. Bg5 Kg7 26. Bf6+ Kg6
27. Rd1 Rab8 28. Rd7 Re6 29. Ke3 Rbe8 30. Kf4 Rb8 31. Rc7 a5 32. b3 b6 33. a3
b5 34. c5 a4 35. b4 Rbe8 36. h4 Kh5 37. Rxf7 Kg6 38. Rg7+ Kh6 39. Kxf5 Rxf6+
40. exf6 Re3 41. Rg8 Rxa3 42. f7 Rf3+ 43. Ke6 1-0

[Event "V Weekend A"]
[Site "Porto Sant'Elpidio ITA"]
[Date "2002.11.03"]
[Round "3"]
[White "Bontempi, Piero"]
[Black "Miandro, Roberto"]
[Result "1-0"]
[WhiteElo "2316"]
[BlackElo "1906"]
[PlyCount "129"]
[EventDate "2002.11.02"]

1. e4 c5 2. Nf3 d6 3. d4 cxd4 4. Nxd4 Nf6 5. Nc3 a6 6. Bg5 e6 7. Qd2 Be7 8.
O-O-O h6 9. Bh4 O-O 10. f4 Qc7 11. g4 Nxg4 12. Bxe7 Qxe7 13. Rg1 Nf6 14. e5 Ne8
15. f5 dxe5 16. Qxh6 Qf6 17. Qh5 exd4 18. Ne4 Qxf5 19. Qh4 Qh7 20. Qe1 Nc6 21.
Bd3 Qh6+ 22. Kb1 f5 23. Ng5 Nd6 24. Qe2 Nf7 25. h4 Bd7 26. Bc4 Rae8 27. c3 Nd6
28. Bb3 Kh8 29. cxd4 Nb5 30. Qf2 Na5 31. Bc2 Bc6 32. Qf4 Nc4 33. Bb3 Bd5 34.
Bxc4 Bxc4 35. a4 Na7 36. Qc7 Qf6 37. Qxc4 Rd8 38. Qxe6 Rd6 39. Qe2 Qh6 40. Nf7+
Rxf7 41. Qe8+ Kh7 42. Qxf7 Rf6 43. Qxb7 Nc6 44. Rg5 Nd8 45. Qf3 g6 46. Re1 Ne6
47. Rgg1 Qf4 48. Qxf4 Nxf4 49. Rc1 Nd5 50. Rc5 Rd6 51. Rgc1 f4 52. Rf1 Nb4 53.
Rxf4 Kh6 54. Rc7 Nd5 55. Rcf7 Nxf4 56. Rxf4 g5 57. hxg5+ Kxg5 58. Re4 Kf5 59.
Re5+ Kf6 60. Ra5 Rb6 61. Kc2 Ke6 62. Kc3 Rc6+ 63. Rc5 Rxc5+ 64. dxc5 Kd5 65.
Kb4 1-0

[Event "V Weekend A"]
[Site "Porto Sant'Elpidio ITA"]
[Date "2002.11.03"]
[Round "3"]
[White "Di Martino, Antonio"]
[Black "Giobbi, Costantino"]
[Result "0-1"]
[WhiteElo "1722"]
[BlackElo "1734"]
[PlyCount "105"]
[EventDate "2002.11.02"]

1. e4 e5 2. Nf3 Nc6 3. Bb5 a6 4. Ba4 Nf6 5. O-O b5 6. Bb3 Be7 7. Re1 O-O 8. c3
d6 9. h3 Na5 10. Bc2 c5 11. d4 Qc7 12. Nbd2 cxd4 13. cxd4 Bb7 14. Nf1 Rac8 15.
Bd3 Nc6 16. Be3 exd4 17. Nxd4 Nxd4 18. Bxd4 Qb8 19. Ng3 Rfe8 20. Rc1 Rxc1 21.
Qxc1 Bc8 22. Qc2 Be6 23. b3 Rc8 24. Qb2 Qc7 25. Ne2 Qb7 26. f3 Ne8 27. Rc1 Bf6
28. Rxc8 Qxc8 29. Qc2 Qd7 30. Qc3 h6 31. f4 Bxd4+ 32. Nxd4 Qa7 33. Kf1 Bd7 34.
Ke2 Nf6 35. g4 Qb7 36. Ke3 Qb6 37. b4 Qa7 38. a3 Ne8 39. Kf3 Qb7 40. Bb1 Qb6
41. Qd3 Nf6 42. Kg2 g6 43. Kf3 d5 44. e5 Ne4 45. Qe3 Bc8 46. Bxe4 dxe4+ 47.
Kxe4 Bb7+ 48. Kd3 Qc7 49. Kd2 Qc4 50. Qd3 Qd5 51. e6 Kf8 52. exf7 Qxf7 53. f5
0-1

[Event "V Weekend A"]
[Site "Porto Sant'Elpidio ITA"]
[Date "2002.11.03"]
[Round "3"]
[White "Fioravanti, Diego"]
[Black "Luciani, Valerio"]
[Result "1/2-1/2"]
[WhiteElo "1855"]
[BlackElo "2152"]
[PlyCount "38"]
[EventDate "2002.11.02"]

1. e4 e6 2. d4 d5 3. Nc3 Bb4 4. Nge2 dxe4 5. a3 Be7 6. Nxe4 Nf6 7. Nxf6+ Bxf6
8. c3 b6 9. Be3 Bb7 10. Ng3 Nd7 11. f3 Bg5 12. Qd2 Bxe3 13. Qxe3 O-O 14. Bd3 e5
15. O-O-O exd4 16. Qxd4 Nc5 17. Bc2 Qxd4 18. Rxd4 Ne6 19. Rd2 Rad8 1/2-1/2

[Event "V Weekend A"]
[Site "Porto Sant'Elpidio ITA"]
[Date "2002.11.03"]
[Round "3"]
[White "Fioravanti, Emidio"]
[Black "Bruno, Fabio"]
[Result "0-1"]
[WhiteElo "1774"]
[BlackElo "2309"]
[PlyCount "81"]
[EventDate "2002.11.02"]

1. e4 c5 2. d4 cxd4 3. c3 Nf6 4. e5 Nd5 5. cxd4 e6 6. Nc3 Nxc3 7. bxc3 Qc7 8.
Qb3 b6 9. Be2 Bb7 10. Bf3 d6 11. exd6 Bxd6 12. Bxb7 Qxb7 13. Nf3 O-O 14. O-O
Nc6 15. Ng5 h6 16. Ne4 Rfd8 17. Nxd6 Rxd6 18. Bf4 Na5 19. Qd1 Rc6 20. Qf3 Rac8
21. Rac1 Rc4 22. Qg3 Kh7 23. Be5 f6 24. Qd3+ Kg8 25. Bf4 e5 26. Be3 e4 27. Qe2
Rxc3 28. Qg4 Rxc1 29. Bxc1 Rd8 30. Rd1 Kf8 31. Ba3+ Kf7 32. Qh5+ Kg8 33. Bc1
Nc6 34. Be3 Qf7 35. Qxf7+ Kxf7 36. Rc1 Nxd4 37. Rc7+ Kg6 38. Rxa7 Nb5 39. g4
Nxa7 40. Bxb6 Rd1+ 41. Kg2 0-1

[Event "V Weekend A"]
[Site "Porto Sant'Elpidio ITA"]
[Date "2002.11.03"]
[Round "3"]
[White "Gaoni, Vincenzo"]
[Black "Villani, Cristian"]
[Result "1/2-1/2"]
[WhiteElo "1749"]
[BlackElo "1756"]
[PlyCount "46"]
[EventDate "2002.11.02"]

1. e4 c6 2. d4 d5 3. exd5 cxd5 4. c4 Nf6 5. c5 Nc6 6. Bb5 g6 7. b4 Bg7 8. Nf3
O-O 9. Bxc6 bxc6 10. a4 Ba6 11. Ne5 Qc8 12. Nc3 Ne4 13. Bb2 Nxc3 14. Bxc3 f6
15. Nxc6 Qxc6 16. b5 Bxb5 17. axb5 Qxb5 18. Ra5 Qc4 19. Qc2 e5 20. Ra4 Qb5 21.
Ra5 Qc4 22. Ra4 Qb5 23. Ra5 Qc4 1/2-1/2

[Event "V Weekend A"]
[Site "Porto Sant'Elpidio ITA"]
[Date "2002.11.03"]
[Round "3"]
[White "Guglielmi, Dante"]
[Black "Di Donatantonio, Franco"]
[Result "1-0"]
[WhiteElo "1711"]
[BlackElo "1843"]
[PlyCount "111"]
[EventDate "2002.11.02"]

1. c4 c5 2. g3 Nf6 3. Bg2 g6 4. e3 Bg7 5. Nc3 d6 6. Nge2 O-O 7. O-O e6 8. d4
Qe7 9. b3 Na6 10. Bb2 Nc7 11. Qc2 Rb8 12. dxc5 dxc5 13. Rfd1 b6 14. Ne4 Nce8
15. Nxf6+ Nxf6 16. Be5 Bb7 17. Bd6 Qe8 18. Bxf8 Bxg2 19. Kxg2 Qc6+ 20. Kg1 Rxf8
21. Nc3 Ng4 22. Rac1 f5 23. Qe2 Ne5 24. f4 Nf3+ 25. Kf1 g5 26. Nd5 Nxh2+ 27.
Qxh2 exd5 28. Qg2 gxf4 29. gxf4 Qe8 30. Qxd5+ Kh8 31. Kf2 Qe7 32. Qh1 Bf6 33.
Qh3 Re8 34. Rh1 Bh4+ 35. Ke2 Qe4 36. Qf3 Qe7 37. Rh3 Qf6 38. Rc2 Rg8 39. Qh1
Rg4 40. Rd2 Qe7 41. Qf3 Qf6 42. Qd5 Rg7 43. Qe5 Qxe5 44. fxe5 Bg5 45. Kf3 h6
46. Rd6 Re7 47. e6 Kg7 48. e4 Kf6 49. exf5 Kxf5 50. Rh1 Rxe6 51. Rxe6 Kxe6 52.
Ke4 Bd2 53. Ra1 Bg5 54. Rd1 h5 55. Rd5 Kf6 56. Rd7 1-0

[Event "V Weekend A"]
[Site "Porto Sant'Elpidio ITA"]
[Date "2002.11.09"]
[Round "4"]
[White "Bruno, Fabio"]
[Black "Bontempi, Piero"]
[Result "1-0"]
[WhiteElo "2309"]
[BlackElo "2316"]
[PlyCount "71"]
[EventDate "2002.11.02"]

1. d4 d5 2. Nf3 Bf5 3. c4 e6 4. Nc3 Nc6 5. Qa4 Qd7 6. Bf4 Nf6 7. e3 Bd6 8. Bxd6
cxd6 9. cxd5 exd5 10. Be2 O-O 11. O-O Rfc8 12. Rfc1 h6 13. Nd2 Qe6 14. Bf3 Rc7
15. Qb3 Ne7 16. Nb5 Rxc1+ 17. Rxc1 Ne8 18. Nc3 Qc8 19. Ne2 Nc7 20. Qb4 Qd8 21.
Qxb7 Ne6 22. Qa6 Rb8 23. b3 Qd7 24. Nc3 Rc8 25. Qa3 Ng5 26. Ne2 Bd3 27. Nf4
Nxf3+ 28. gxf3 Bb5 29. Rxc8+ Nxc8 30. Nxd5 Qf5 31. Qc1 Kh7 32. a4 Be2 33. Nf4
Bxf3 34. Nxf3 Qg4+ 35. Kf1 Qxf3 36. Qxc8 1-0

[Event "V Weekend A"]
[Site "Porto Sant'Elpidio ITA"]
[Date "2002.11.09"]
[Round "4"]
[White "Di Donatantonio, Franco"]
[Black "Fioravanti, Diego"]
[Result "0-1"]
[WhiteElo "1843"]
[BlackElo "1855"]
[PlyCount "68"]
[EventDate "2002.11.02"]

1. e4 e5 2. Nf3 Nf6 3. d3 Nc6 4. c3 d5 5. Nbd2 d4 6. Be2 dxc3 7. bxc3 Bd6 8.
O-O O-O 9. Nc4 Be6 10. Nxd6 Qxd6 11. Ng5 Rfd8 12. Nxe6 Qxe6 13. Qc2 Rd7 14. f4
Rad8 15. f5 Qe7 16. Be3 b5 17. g4 h6 18. h4 Nxg4 19. Bxg4 Qxh4 20. Qg2 Rxd3 21.
Bf2 Qf6 22. Be1 b4 23. Be2 Re3 24. Bb5 bxc3 25. Bf2 Rd2 26. Qg4 h5 27. Qxh5
Rxe4 28. Rad1 g6 29. Qh6 Rg4+ 30. Kh1 Rxf2 31. Rxf2 Rh4+ 32. Rh2 Rxh6 33. Rxh6
Qg5 34. Rh2 c2 0-1

[Event "V Weekend A"]
[Site "Porto Sant'Elpidio ITA"]
[Date "2002.11.09"]
[Round "4"]
[White "Di Martino, Antonio"]
[Black "Santurbano, Maria Vincenza"]
[Result "1-0"]
[WhiteElo "1722"]
[BlackElo "1731"]
[PlyCount "59"]
[EventDate "2002.11.02"]

1. e4 e5 2. Nf3 Nc6 3. Bb5 a6 4. Ba4 Nf6 5. O-O Be7 6. Re1 b5 7. Bb3 O-O 8. c3
d6 9. h3 Bb7 10. d4 h6 11. Nbd2 Re8 12. Nf1 Bf8 13. Ng3 Qd7 14. Nh4 Nh7 15. Bc2
Nf6 16. Nhf5 exd4 17. cxd4 Nb4 18. Bb1 c5 19. d5 a5 20. a3 Na6 21. b3 Rac8 22.
Bb2 Qd8 23. Qf3 Nxd5 24. Rd1 Ndc7 25. Nxh6+ gxh6 26. Bf6 Qd7 27. Nf5 Qe6 28.
Qg3+ Kh7 29. Ne7 Rxe7 30. e5+ 1-0

[Event "V Weekend A"]
[Site "Porto Sant'Elpidio ITA"]
[Date "2002.11.09"]
[Round "4"]
[White "Luciani, Valerio"]
[Black "Guglielmi, Dante"]
[Result "1-0"]
[WhiteElo "2152"]
[BlackElo "1711"]
[PlyCount "83"]
[EventDate "2002.11.02"]

1. d4 d5 2. c4 e6 3. Nf3 Nf6 4. g3 Nbd7 5. Bg2 Be7 6. O-O O-O 7. Nc3 Re8 8. b3
c6 9. Bb2 Bd6 10. Qd3 Qe7 11. e4 dxe4 12. Nxe4 Nxe4 13. Qxe4 Nf6 14. Qe2 Ba3
15. Rad1 Bxb2 16. Qxb2 a5 17. a3 Qc7 18. Rfe1 Bd7 19. Ne5 Rad8 20. c5 Nd5 21.
Nc4 Rb8 22. Qd2 b6 23. Bxd5 exd5 24. Nxb6 Bf5 25. f3 Qa7 26. Rxe8+ Rxe8 27. Re1
Kf8 28. Kf2 Rxe1 29. Qxe1 Bc2 30. Qe5 Qb7 31. b4 axb4 32. axb4 Bd3 33. Qd6+ Ke8
34. Qf4 Bb5 35. Qf5 Qa7 36. Ke3 h6 37. Kf4 g6 38. Qe5+ Qe7 39. Qh8+ Qf8 40.
Qxf8+ Kxf8 41. Ke5 Ke7 42. Nc8+ 1-0

[Event "V Weekend A"]
[Site "Porto Sant'Elpidio ITA"]
[Date "2002.11.09"]
[Round "4"]
[White "Miandro, Roberto"]
[Black "Fioravanti, Emidio"]
[Result "1-0"]
[WhiteElo "1906"]
[BlackElo "1774"]
[PlyCount "121"]
[EventDate "2002.11.02"]

1. c4 Nf6 2. Nf3 d5 3. b3 e6 4. Bb2 Be7 5. g3 c6 6. Bg2 Nbd7 7. d3 a6 8. Nbd2
h6 9. Qc2 O-O 10. O-O Nh7 11. e4 Bf6 12. e5 Be7 13. cxd5 cxd5 14. Rac1 Ng5 15.
h4 Nxf3+ 16. Nxf3 Nb8 17. Nd4 Bd7 18. Qc7 Bc6 19. Qxd8 Rxd8 20. Rc2 Bb5 21. Rc7
Rd7 22. Nxb5 axb5 23. Rc8+ Rd8 24. Rxd8+ Bxd8 25. a3 Nc6 26. d4 Na5 27. Rc1
Nxb3 28. Rc2 Na5 29. Rc5 Nc4 30. Rxb5 b6 31. Bf1 Nxb2 32. Rxb2 Rxa3 33. Rc2 Ra8
34. Bb5 Kf8 35. Kg2 Ra5 36. Bc6 Ra3 37. Bb5 Rb3 38. Ba6 Rb4 39. Rc8 Ke7 40. Rb8
Kd7 41. Kf3 Rxd4 42. Bb5+ Kc7 43. Ra8 f6 44. Ra7+ Kb8 45. Rxg7 fxe5 46. Rg8 Kc7
47. Rg7+ Kd6 48. Rd7+ Kc5 49. Rxd8 Kxb5 50. g4 Rf4+ 51. Kg3 Kc5 52. Rc8+ Kd6
53. Rh8 Rf6 54. Rb8 Kc7 55. Ra8 d4 56. Ra3 e4 57. g5 hxg5 58. hxg5 Rg6 59. Kf4
Kd6 60. Kxe4 Kc5 61. f4 1-0

[Event "V Weekend A"]
[Site "Porto Sant'Elpidio ITA"]
[Date "2002.11.09"]
[Round "4"]
[White "Tacconelli, Valentino"]
[Black "Gaoni, Vincenzo"]
[Result "1-0"]
[WhiteElo "1774"]
[BlackElo "1749"]
[PlyCount "91"]
[EventDate "2002.11.02"]

1. e4 c5 2. Nf3 e6 3. d4 cxd4 4. Nxd4 Nf6 5. Nc3 Nc6 6. a3 Be7 7. Be2 O-O 8.
Be3 d5 9. Nxc6 bxc6 10. exd5 exd5 11. O-O Bf5 12. Bd3 Qd7 13. Na4 Ng4 14. Bxf5
Qxf5 15. Bc5 Rfe8 16. Bxe7 Rxe7 17. Nc3 Rae8 18. Qd3 Qh5 19. Qg3 d4 20. Na2 Nf6
21. Nb4 Ne4 22. Qf4 c5 23. g4 Qg6 24. Nd3 Re6 25. f3 Rf6 26. Ne5 Rxf4 27. Nxg6
hxg6 28. fxe4 Rxg4+ 29. Kh1 Rgxe4 30. Rf2 Re2 31. Kg2 R8e4 32. Raf1 f5 33. Kf3
R4e3+ 34. Kg2 c4 35. Rd1 d3 36. cxd3 cxd3 37. Kf1 Kf7 38. Rb1 Ke6 39. b4 g5 40.
a4 f4 41. b5 f3 42. Rxe2 fxe2+ 43. Ke1 Kd5 44. a5 Re6 45. b6 axb6 46. axb6 1-0

[Event "V Weekend A"]
[Site "Porto Sant'Elpidio ITA"]
[Date "2002.11.09"]
[Round "4"]
[White "Villani, Cristian"]
[Black "Giobbi, Costantino"]
[Result "1-0"]
[WhiteElo "1756"]
[BlackElo "1734"]
[PlyCount "113"]
[EventDate "2002.11.02"]

1. d4 d5 2. Nf3 c6 3. g3 Bf5 4. Bg2 e6 5. c4 Nf6 6. O-O Be7 7. Nc3 O-O 8. Nh4
Bg6 9. Nxg6 hxg6 10. e4 dxe4 11. Nxe4 Nxe4 12. Bxe4 Nd7 13. Be3 Nf6 14. Bg2 Qd7
15. Qe2 Rfd8 16. Rfd1 Qc7 17. a3 Rd7 18. Bf4 Qd8 19. Be3 Ne8 20. Rd2 Bf6 21.
Rad1 Nc7 22. h4 Qe7 23. Bf4 g5 24. hxg5 Bxg5 25. Qe3 Bxf4 26. Qxf4 Qf6 27. Qe3
a6 28. Be4 Rad8 29. Kg2 g6 30. Bf3 Kg7 31. b4 Rh8 32. Rh1 Rxh1 33. Kxh1 Rd8 34.
Kg2 Qf5 35. Rd1 Qf6 36. Be4 Rh8 37. Rh1 Rxh1 38. Kxh1 Ne8 39. d5 cxd5 40. cxd5
exd5 41. Bxd5 Nd6 42. Kg2 Nf5 43. Qf3 Qg5 44. Qc3+ Kg8 45. Bxb7 Nd6 46. Bxa6
Qd5+ 47. Qf3 Qe5 48. Bb7 Nf5 49. Bd5 Kg7 50. Qe4 Qb2 51. a4 Nd6 52. Qf4 Nf5 53.
a5 Qf6 54. Be4 Qe6 55. Bxf5 gxf5 56. Qd4+ Kg6 57. Qb6 1-0

[Event "V Weekend A"]
[Site "Porto Sant'Elpidio ITA"]
[Date "2002.11.10"]
[Round "5"]
[White "Bontempi, Piero"]
[Black "Luciani, Valerio"]
[Result "0-1"]
[WhiteElo "2316"]
[BlackElo "2152"]
[PlyCount "38"]
[EventDate "2002.11.02"]

1. e4 c5 2. Nf3 d6 3. d4 cxd4 4. Nxd4 Nf6 5. Nc3 a6 6. Bg5 e6 7. Qd2 h6 8. Bxf6
Qxf6 9. f4 Qd8 10. O-O-O Nc6 11. Nxc6 bxc6 12. Bc4 Be7 13. h4 d5 14. exd5 exd5
15. Nxd5 cxd5 16. Bxd5 Be6 17. Bxa8 Qxa8 18. Rhe1 Bxh4 19. Qd7+ 19... Kf8 $138
0-1

[Event "V Weekend A"]
[Site "Porto Sant'Elpidio ITA"]
[Date "2002.11.10"]
[Round "5"]
[White "Fioravanti, Diego"]
[Black "Villani, Cristian"]
[Result "1-0"]
[WhiteElo "1855"]
[BlackElo "1756"]
[PlyCount "47"]
[EventDate "2002.11.02"]

1. e4 c6 2. d4 d5 3. exd5 cxd5 4. c4 Nf6 5. Nc3 Nc6 6. Nf3 Bg4 7. cxd5 Nxd5 8.
Bc4 e6 9. Be3 Bb4 10. Rc1 Qa5 11. Qb3 O-O 12. O-O Bxf3 13. gxf3 Nxe3 14. fxe3
Qg5+ 15. Kf2 Qh4+ 16. Ke2 Bxc3 17. Qxc3 Qxh2+ 18. Rf2 Qd6 19. Rh1 e5 20. Qd3 g6
21. Rfh2 h5 22. Rxh5 exd4 23. Qf5 d3+ 24. Kd2 1-0

[Event "V Weekend A"]
[Site "Porto Sant'Elpidio ITA"]
[Date "2002.11.10"]
[Round "5"]
[White "Giobbi, Costantino"]
[Black "Di Donatantonio, Franco"]
[Result "0-1"]
[WhiteElo "1734"]
[BlackElo "1843"]
[PlyCount "102"]
[EventDate "2002.11.02"]

1. e4 c5 2. Nc3 Nc6 3. Nge2 e6 4. d4 cxd4 5. Nxd4 Qc7 6. Be2 a6 7. O-O Nf6 8.
Be3 Bb4 9. Nxc6 bxc6 10. Na4 Rb8 11. Qd3 O-O 12. c4 Qe5 13. Bf3 d5 14. cxd5
cxd5 15. exd5 Nxd5 16. Bd4 Qg5 17. a3 Bd6 18. Nc3 Nxc3 19. Bxc3 Rd8 20. Qe2 Bd7
21. Rad1 Bb5 22. Qe4 Bxf1 23. Kxf1 Be7 24. Rxd8+ Rxd8 25. g3 Bf6 26. Bb4 a5 27.
Be1 Bxb2 28. h4 Qb5+ 29. Kg2 Bxa3 30. Bc3 Bb4 31. Ba1 Qf5 32. Qc4 Be7 33. Bb2
Bf6 34. Be4 Qh5 35. Bf3 Qh6 36. Bc1 g5 37. Qg4 Rd4 38. Be4 Qg7 39. hxg5 Bxg5
40. Bxg5 h6 41. Qf4 Qxg5 42. Qb8+ Kg7 43. Bf3 Qf5 44. Qb7 Rb4 45. Qa8 Qe5 46.
Qa7 a4 47. Qe7 Rb2 48. Qh4 a3 49. Qg4+ Kh7 50. Qa4 a2 51. Be4+ Kg7 0-1

[Event "V Weekend A"]
[Site "Porto Sant'Elpidio ITA"]
[Date "2002.11.10"]
[Round "5"]
[White "Guglielmi, Dante"]
[Black "Fioravanti, Emidio"]
[Result "0-1"]
[WhiteElo "1711"]
[BlackElo "1774"]
[PlyCount "84"]
[EventDate "2002.11.02"]

1. c4 Nf6 2. g3 e5 3. Nc3 Bc5 4. Bg2 O-O 5. e3 Nc6 6. Nge2 Re8 7. O-O a6 8. d4
exd4 9. exd4 Ba7 10. b3 d6 11. Bb2 Bg4 12. Qd2 Qd7 13. Rfe1 Bh3 14. Bh1 Qf5 15.
Rad1 Bg4 16. Rb1 Ne5 17. Nf4 Nf3+ 18. Bxf3 Bxf3 19. Re3 Bc6 20. Rbe1 Rxe3 21.
Rxe3 Ng4 22. Re1 g5 23. Nfd5 Kf8 24. Nxc7 Rc8 25. N7d5 Qf3 26. Re2 h6 27. Qd1
Kg7 28. Rd2 Qxd1+ 29. Rxd1 Re8 30. h3 Bxd5 31. Nxd5 Re2 32. Rb1 Nxf2 33. Kf1
Rd2 34. Ne3 Kg6 35. Nd5 Nxh3 36. Ne7+ Kh5 37. Ke1 Rg2 38. Kd1 Rxg3 39. Ke2 Nf4+
40. Kf2 Kg4 41. Ng8 Rg2+ 42. Ke3 Re2# 0-1

[Event "V Weekend A"]
[Site "Porto Sant'Elpidio ITA"]
[Date "2002.11.10"]
[Round "5"]
[White "Miandro, Roberto"]
[Black "Bruno, Fabio"]
[Result "0-1"]
[WhiteElo "1906"]
[BlackElo "2309"]
[PlyCount "72"]
[EventDate "2002.11.02"]

1. c4 b6 2. Nc3 c5 3. e4 Nc6 4. Nge2 g6 5. d4 cxd4 6. Nxd4 Bg7 7. Be3 Bb7 8.
Rc1 Nf6 9. f3 O-O 10. Be2 Ne8 11. O-O Nc7 12. Qd2 Ne6 13. Nc2 f5 14. exf5 gxf5
15. b3 Rf6 16. Nd5 Rg6 17. Bd3 Qf8 18. Kh1 Nc5 19. Be2 Rd6 20. Qe1 Ne5 21. Rd1
Ng6 22. Nf4 Nxf4 23. Bxf4 Rg6 24. Nb4 d6 25. Bd3 Qf7 26. Qf2 Kh8 27. Be3 e6 28.
Bc2 Be5 29. Nd3 Nxd3 30. Bxd3 Rag8 31. Rg1 Bxh2 32. g4 Bxg1 33. Kxg1 e5 34. Kf1
fxg4 35. Bxg6 Rxg6 36. fxg4 Rf6 0-1

[Event "V Weekend A"]
[Site "Porto Sant'Elpidio ITA"]
[Date "2002.11.10"]
[Round "5"]
[White "Santurbano, Maria Vincenza"]
[Black "Gaoni, Vincenzo"]
[Result "1-0"]
[WhiteElo "1731"]
[BlackElo "1749"]
[PlyCount "53"]
[EventDate "2002.11.02"]

1. e4 c5 2. Nf3 e6 3. d4 cxd4 4. Nxd4 Nf6 5. Nc3 Nc6 6. Ndb5 Bb4 7. Nd6+ Ke7 8.
Bf4 e5 9. Nf5+ Kf8 10. Bd2 d5 11. exd5 Bxf5 12. dxc6 bxc6 13. Bc4 Qd4 14. Bb3
Bxc3 15. Bxc3 Qe4+ 16. Qe2 Qxg2 17. O-O-O Bg4 18. Qc4 Be6 19. Qc5+ Kg8 20. Bxe6
fxe6 21. Qxe5 Qe4 22. Qc7 Rf8 23. Rhg1 g6 24. Rd8 Qf5 25. Rgd1 e5 26. Rxf8+
Kxf8 27. Bb4+ 1-0

[Event "V Weekend A"]
[Site "Porto Sant'Elpidio ITA"]
[Date "2002.11.10"]
[Round "5"]
[White "Tacconelli, Valentino"]
[Black "Di Martino, Antonio"]
[Result "1/2-1/2"]
[WhiteElo "1774"]
[BlackElo "1722"]
[PlyCount "92"]
[EventDate "2002.11.02"]

1. d4 d5 2. c4 e6 3. Nc3 Nf6 4. Bg5 Be7 5. Nf3 O-O 6. e3 Nbd7 7. Qc2 c5 8. Rd1
Qa5 9. Be2 h6 10. Bh4 dxc4 11. Bxc4 Nb6 12. Be2 Rd8 13. O-O cxd4 14. Rxd4 Rxd4
15. Nxd4 Bd7 16. Nb3 Qb4 17. Bg3 Nbd5 18. Nxd5 Nxd5 19. Rc1 Rc8 20. Qb1 Rxc1+
21. Qxc1 Bf6 22. Bf3 Bxb2 23. Qd1 Bc6 24. h3 Bf6 25. Qc2 Qc3 26. Qd1 Nb4 27.
Bxc6 Qxc6 28. Qd2 Nd5 29. e4 Nb6 30. Qf4 e5 31. Qe3 a6 32. f3 Nc4 33. Qa7 b5
34. Qb8+ Kh7 35. Qf8 Qc7 36. Qe8 Bg5 37. Qa8 Be3+ 38. Kh2 a5 39. Qd5 a4 40.
Qxb5 axb3 41. axb3 Nd2 42. Bxe5 Bf4+ 43. Bxf4 Qxf4+ 44. Kh1 Qe3 45. Qf5+ Kg8
46. Qc8+ Kh7 1/2-1/2

[Event "V Weekend A"]
[Site "Porto Sant'Elpidio ITA"]
[Date "2002.11.10"]
[Round "6"]
[White "Bruno, Fabio"]
[Black "Fioravanti, Diego"]
[Result "1-0"]
[WhiteElo "2309"]
[BlackElo "1855"]
[PlyCount "67"]
[EventDate "2002.11.02"]

1. d4 d5 2. Nf3 Nf6 3. e3 e6 4. Nbd2 Nbd7 5. Bd3 c5 6. c3 Bd6 7. O-O O-O 8. Re1
e5 9. e4 cxd4 10. cxd4 Re8 11. exd5 Nxd5 12. Nc4 Bb4 13. Bg5 f6 14. Ncxe5 Nxe5
15. Rxe5 Rxe5 16. Nxe5 Qe8 17. Bc4 Be6 18. Nd3 Bd6 19. Qb3 Rd8 20. Re1 fxg5 21.
Bxd5 Bxh2+ 22. Kh1 Qh5 23. Bxe6+ Kh8 24. Bh3 Bd6 25. Qe6 Bb8 26. Ne5 Bxe5 27.
Qxe5 Qf7 28. Kg1 Rf8 29. Re2 Qxa2 30. Qxg5 Qb1+ 31. Kh2 Qd3 32. Rd2 Qe4 33. d5
h6 34. Qe3 1-0

[Event "V Weekend A"]
[Site "Porto Sant'Elpidio ITA"]
[Date "2002.11.10"]
[Round "6"]
[White "Di Donatantonio, Franco"]
[Black "Di Martino, Antonio"]
[Result "1-0"]
[WhiteElo "1843"]
[BlackElo "1722"]
[PlyCount "72"]
[EventDate "2002.11.02"]

1. e4 e6 2. d4 d5 3. Nd2 dxe4 4. Nxe4 Nd7 5. Nf3 Be7 6. Bd3 b6 7. Qe2 Bb7 8.
Bd2 Ngf6 9. Nxf6+ Nxf6 10. O-O-O O-O 11. Kb1 h6 12. Rhg1 Qd5 13. c4 Qd6 14. g4
Nh7 15. g5 Bxf3 16. Bxh7+ Kxh7 17. Qxf3 Bxg5 18. Bxg5 hxg5 19. Rxg5 g6 20. Rdg1
Kg7 21. h4 Qxd4 22. h5 Rad8 23. R5g3 Rh8 24. Rxg6+ Kf8 25. R6g3 Qe5 26. Rg5 Qd4
27. R5g3 Qxc4 28. Rc1 Qd5 29. Rxc7 Qd1+ 30. Qxd1 Rxd1+ 31. Kc2 Rd8 32. Rf3 Rh7
33. Rxa7 Rd5 34. Ra6 Rd6 35. Rc3 Rxh5 36. Rc8+ Kg7 1-0

[Event "V Weekend A"]
[Site "Porto Sant'Elpidio ITA"]
[Date "2002.11.10"]
[Round "6"]
[White "Fioravanti, Emidio"]
[Black "Bontempi, Piero"]
[Result "0-1"]
[WhiteElo "1774"]
[BlackElo "2316"]
[PlyCount "80"]
[EventDate "2002.11.02"]

1. e4 c5 2. Nf3 d6 3. d4 cxd4 4. Nxd4 Nf6 5. Nc3 g6 6. Bg5 Bg7 7. Qd2 h6 8. Be3
Ng4 9. Bb5+ Bd7 10. O-O-O O-O 11. Bc4 Nxe3 12. Qxe3 Nc6 13. Nxc6 bxc6 14. Rd3
Qc7 15. Qg3 Kh7 16. h4 Rab8 17. h5 g5 18. Bb3 Be5 19. Qf3 e6 20. g3 c5 21. Bc4
Rb4 22. b3 Qa5 23. a4 Rxc4 24. bxc4 Qb4 25. Nb5 a6 26. Nc3 Bc6 27. g4 f5 28.
gxf5 Qxc4 29. Re1 Rxf5 30. exf5 Bxf3 31. Rxf3 Bxc3 32. f6 Kg8 33. Rd1 Be5 34.
f7+ Kf8 35. Rb3 Kxf7 36. Rdd3 g4 37. Rb7+ Kf6 38. f3 g3 39. f4 Bxf4+ 40. Kb2
Qxd3 0-1

[Event "V Weekend A"]
[Site "Porto Sant'Elpidio ITA"]
[Date "2002.11.10"]
[Round "6"]
[White "Gaoni, Vincenzo"]
[Black "Guglielmi, Dante"]
[Result "1-0"]
[WhiteElo "1749"]
[BlackElo "1711"]
[PlyCount "49"]
[EventDate "2002.11.02"]

1. e4 c5 2. Nf3 d6 3. d4 cxd4 4. Qxd4 Nf6 5. e5 Ng4 6. Bb5+ Nc6 7. Nc3 a6 8.
Bxc6+ bxc6 9. exd6 Qxd6 10. Qxd6 exd6 11. O-O Be7 12. Re1 Kd8 13. Bf4 f6 14.
Rad1 d5 15. Na4 Bb4 16. c3 Ba5 17. b4 Bc7 18. Bxc7+ Kxc7 19. Re7+ Kd6 20. Rde1
Rb8 21. Nc5 Rb6 22. Rxg7 Ne5 23. Nd4 Nd7 24. Nf5+ Kc7 25. Ree7 1-0